000 00472nam a2200193Ia 4500
005 20240408094200.0
008 131103s9999 xx 000 0 und d
020 _cRs 18
040 _aLoreto College
041 _aEnglish
082 _a425
_bALE
100 _aAlexander, L.G.
245 _aEssay and letter writing
_cL.G. Alexander
260 _aHyderabad
_bOrient Longman
_c1972
300 _a137p
650 _aEnglish Language
850 _aLCBED
942 _cBK
999 _c27868
_d78347